000
00302nam a2200121Ia 4500
008
190216s9999||||xx |||||||||||||| ||und||
100
_a
Polya G
 Szego G
245
0
_a
Problems And Theories In Analysis
260
_b
Narosa Pubs House
_c
1979
300
_a
391 p
650
_a
Computer
942
_c
BK
999
_c
33129
_d
33129